|
|
|
|
| LEADER |
01492nam a2200361 a 4500 |
| 001 |
EBC3012558 |
| 003 |
MiAaPQ |
| 005 |
20200520144314.0 |
| 006 |
m o d | |
| 007 |
cr cn||||||||| |
| 008 |
090811s2006 dcua s 000 0 eng d |
| 035 |
|
|
|a (MiAaPQ)EBC3012558
|
| 035 |
|
|
|a (Au-PeEL)EBL3012558
|
| 035 |
|
|
|a (CaPaEBR)ebr10302971
|
| 035 |
|
|
|a (OCoLC)572677724
|
| 040 |
|
|
|a MiAaPQ
|c MiAaPQ
|d MiAaPQ
|
| 043 |
|
|
|a a-ta---
|
| 050 |
|
4 |
|a HC421.3.Z9
|b P67 2006
|
| 245 |
0 |
0 |
|a Republic of Tajikistan
|h [electronic resource] :
|b poverty reduction strategy paper second progress report.
|
| 260 |
|
|
|a Washington, D.C. :
|b International Monetary Fund,
|c 2006.
|
| 300 |
|
|
|a 29, 7, 4 p. :
|b ill.
|
| 490 |
1 |
|
|a IMF country report ;
|v no. 06/1
|
| 500 |
|
|
|a "Prepared by member countries in broad consultation with stakeholders and development partners, including the staffs of the World Bank and the IMF."
|
| 500 |
|
|
|a "January 2006"--Cover.
|
| 533 |
|
|
|a Electronic reproduction. Ann Arbor, MI : ProQuest, 2015. Available via World Wide Web. Access may be limited to ProQuest affiliated libraries.
|
| 650 |
|
0 |
|a Poverty
|z Tajikistan.
|
| 651 |
|
0 |
|a Tajikistan
|x Economic conditions
|y 1991-
|
| 651 |
|
0 |
|a Tajikistan
|x Economic policy.
|
| 655 |
|
4 |
|a Electronic books.
|
| 710 |
2 |
|
|a International Monetary Fund.
|
| 710 |
2 |
|
|a ProQuest (Firm)
|
| 830 |
|
0 |
|a IMF country report ;
|v no. 06/1.
|
| 856 |
4 |
0 |
|u https://ebookcentral.proquest.com/lib/matrademy/detail.action?docID=3012558
|z Click to View
|